Normal view
MARC view
- Noor ul Hassan Rashid
Entry Personal Name
001 - CONTROL NUMBER
- control field: 125397
003 - CONTROL NUMBER IDENTIFIER
- control field: NUST
005 - DATE AND TIME OF LATEST TRANSACTION
- control field: 20240827164253.0
008 - FIXED-LENGTH DATA ELEMENTS
- fixed length control field: 240827|| aca||aabn | a|a d
040 ## - CATALOGING SOURCE
- Original cataloging agency: NUST
- Transcribing agency: NUST
100 ## - HEADING--PERSONAL NAME
- Personal name: Noor ul Hassan Rashid
670 ## - SOURCE DATA FOUND
- Source citation: Work cat.: (NUST): Noor ul Hassan Rashid , Qasim ul Uloom Maulana Muhammad Qasim Nanotvi , 2000.
